<?xml version="1.0" encoding="UTF-8"?>
<record
    xmlns:xsi="http://www.w3.org/2001/XMLSchema-instance"
    xsi:schemaLocation="http://www.loc.gov/MARC21/slim http://www.loc.gov/standards/marcxml/schema/MARC21slim.xsd"
    xmlns="http://www.loc.gov/MARC21/slim">

  <leader>02607cam a2200313 a 4500</leader>
  <controlfield tag="001">15967819</controlfield>
  <controlfield tag="005">20101013123839.0</controlfield>
  <controlfield tag="008">091030s2010    mau      b    001 0 eng  </controlfield>
  <datafield tag="020" ind1=" " ind2=" ">
    <subfield code="a">9780262014366 (hardcover : alk. paper)</subfield>
  </datafield>
  <datafield tag="020" ind1=" " ind2=" ">
    <subfield code="a">026201436X (hardcover : alk. paper)</subfield>
  </datafield>
  <datafield tag="020" ind1=" " ind2=" ">
    <subfield code="a">9780262514361 (pbk. : alk. paper)</subfield>
  </datafield>
  <datafield tag="020" ind1=" " ind2=" ">
    <subfield code="a">0262514362 (pbk. : alk. paper)</subfield>
  </datafield>
  <datafield tag="035" ind1=" " ind2=" ">
    <subfield code="a">(OCoLC)ocn463454544</subfield>
  </datafield>
  <datafield tag="040" ind1=" " ind2=" ">
    <subfield code="a">DLC</subfield>
    <subfield code="c">DLC</subfield>
    <subfield code="d">YDXCP</subfield>
    <subfield code="d">C#P</subfield>
    <subfield code="d">BWX</subfield>
    <subfield code="d">UKM</subfield>
    <subfield code="d">CDX</subfield>
    <subfield code="d">DLC</subfield>
  </datafield>
  <datafield tag="082" ind1="0" ind2="0">
    <subfield code="a">363.70561</subfield>
    <subfield code="2">22</subfield>
    <subfield code="b">ENV</subfield>
  </datafield>
  <datafield tag="245" ind1="0" ind2="4">
    <subfield code="a">The environmental politics of sacrifice /</subfield>
    <subfield code="c">edited by Michael Maniates and John M. Meyer.</subfield>
  </datafield>
  <datafield tag="260" ind1=" " ind2=" ">
    <subfield code="a">Cambridge, Mass. :</subfield>
    <subfield code="b">MIT Press,</subfield>
    <subfield code="c">c2010.</subfield>
  </datafield>
  <datafield tag="300" ind1=" " ind2=" ">
    <subfield code="a">viii, 343 p. ;</subfield>
    <subfield code="c">23 cm.</subfield>
  </datafield>
  <datafield tag="504" ind1=" " ind2=" ">
    <subfield code="a">Includes bibliographical references and index.</subfield>
  </datafield>
  <datafield tag="505" ind1="0" ind2=" ">
    <subfield code="a">Must we sacrifice? confronting the politics of sacrifice in an ecologically full world / John M. Meyer and Michael Maniates -- Asking the right questions -- A democratic politics of sacrifice? / John M. Meyer -- Sacrifice in an age of comfort / Paul Wapner -- Freedom, values, and sacrifice : overcoming obstacles to environmentally sustainable behavior / Cheryl Hall -- Seeing sacrifice in everyday life -- Ordinary and extraordinary sacrifices : religion, everyday life, and environmental practice / Anna Peterson -- The sacred and the profane in the ecological politics of sacrifice / Karen Litfin -- Consumer sovereignty, heroic sacrifice : two insidious concepts in an endlessly expansionist economy / Thomas Princen -- Parental sacrifice as atonement for future climate change / Sudhir Chella Rajan -- Obstacles and opportunities -- Self-interest, sacrifice and climate change : (re- )framing the British Columbia carbon tax / Shane Gunster -- Civic virtue and sacrifice in a suburban nation / Peter Cannav&#xFFFD;o -- Bikes, sticks, carrots / Justin Williams -- Intelligent design? : unpacking geoengineering's hidden sacrifices / Simon Nicholson -- Struggling with sacrifice : take back your time and right2vacation.org / Michael Maniates -- Conclusion : sacrifice and a new environmental politics / Michael Maniates and John M. Meyer.</subfield>
  </datafield>
  <datafield tag="650" ind1=" " ind2="0">
    <subfield code="a">Environmental policy.</subfield>
    <subfield code="9">28537</subfield>
  </datafield>
  <datafield tag="650" ind1=" " ind2="0">
    <subfield code="a">Sacrifice.</subfield>
    <subfield code="9">28538</subfield>
  </datafield>
  <datafield tag="653" ind1=" " ind2=" ">
    <subfield code="b">Eco</subfield>
    <subfield code="c">February2012</subfield>
  </datafield>
  <datafield tag="700" ind1="1" ind2=" ">
    <subfield code="a">Maniates, Michael.</subfield>
    <subfield code="9">28539</subfield>
  </datafield>
  <datafield tag="700" ind1="1" ind2=" ">
    <subfield code="a">Meyer, John M.</subfield>
    <subfield code="9">28540</subfield>
  </datafield>
  <datafield tag="942" ind1=" " ind2=" ">
    <subfield code="2">ddc</subfield>
    <subfield code="c">BB</subfield>
  </datafield>
  <datafield tag="999" ind1=" " ind2=" ">
    <subfield code="c">16369</subfield>
    <subfield code="d">16369</subfield>
  </datafield>
  <datafield tag="952" ind1=" " ind2=" ">
    <subfield code="0">0</subfield>
    <subfield code="1">0</subfield>
    <subfield code="2">ddc</subfield>
    <subfield code="4">0</subfield>
    <subfield code="7">0</subfield>
    <subfield code="8">Baccah</subfield>
    <subfield code="a">MAIN</subfield>
    <subfield code="b">MAIN</subfield>
    <subfield code="c">1ST</subfield>
    <subfield code="d">2012-02-01</subfield>
    <subfield code="e">purchase</subfield>
    <subfield code="g">170.00</subfield>
    <subfield code="h">13955</subfield>
    <subfield code="l">1</subfield>
    <subfield code="m">23</subfield>
    <subfield code="o">363.70561 ENV</subfield>
    <subfield code="p">000025960</subfield>
    <subfield code="r">2025-07-15 00:00:00</subfield>
    <subfield code="s">2014-03-04</subfield>
    <subfield code="y">BB</subfield>
  </datafield>
</record>
